000 01369nam a2200397 i 4500
001 38896
003 KOSZ 005
005 20190903095007.0
008 010131s1999 pl f f |000 0 pol d
020 _a832134139X
040 _cKOSZ 005
_aKOSZ 005
_dKOSZ 005/HR
046 _k1999
080 _a628.3
080 _a(075.8)
100 1 _a Łomotowski, Janusz
_d(1953- )
_eAutor
245 1 0 _aNowoczesne systemy oczyszczania ścieków /
_cJanusz Łomotowski, Adam Szpindor.
260 _aWarszawa :
_b"Arkady",
_c1999.
300 _a456 s. :
_brys., wykr. ;
_c24 cm.
336 _2rdacontent
_aTekst
_btxt
337 _2rdamedia
_aBez urządzenia pośredniczącego
_bn
338 _2rdacarrier
_aWolumin
_bnc
380 _aKsiążki
380 _aPublikacje dydaktyczne
385 _mPoziom nauczania
_aSzkoły wyższe
388 _a1901-2000
388 _a1989-2000
504 _aBibliogr., wykaz aktów prawnych, wykaz norm s. 434-446. - Indeks.
650 7 _aOczyszczanie ścieków
650 7 _aŚcieki
655 7 _aPodręczniki akademickie
658 _aInżynieria i technika
700 1 _aSzpindor, Adam
_d(1924-2001)
_eAutor
710 2 _aWydawnictwo Arkady
_4pbl
856 _uhttp://koha.tu.koszalin.pl/cgi-bin/koha/opac-detail.pl?biblionumber=38896
_yKatalog online BPK
942 _cKS
_2UKD
999 _c38896
_d38896